Challenging City to Country Quiz - Statistics

General Stats
  • This quiz has been taken 302 times
  • The average score is 19 of 28
Answer Stats
Hint Answer % Correct
Guangzhou China
98%
Islamabad Pakistan
95%
Quito Ecuador
94%
Riga Latvia
93%
Acapulco Mexico
88%
Albany U.S.A
88%
Jeddah Saudi Arabia
87%
Nizhny Novgorod Russia
86%
Lodz Poland
75%
Sharm el-Sheikh Egypt
72%
Uppsala Sweden
71%
Shiraz Iran
70%
Port Elizabeth South Africa
70%
Gaborone Botswana
66%
Nouakchott Mauritania
66%
Stavanger Norway
64%
Cairns Australia
63%
Apia Samoa
63%
Iqaluit Canada
60%
Chittagong Bangladesh
59%
Maracaibo Venezuela
57%
Cap-Haitien Haiti
54%
Kano Nigeria
49%
Banda Aceh Indonesia
45%
Tobruk Libya
41%
Ashdod Israel
33%
Ludhiana India
30%
Omdurman Sudan
22%
No matching quizzes found
Score Distribution
Percent of People with Each Score
Percentile by Number Answered
Your Score History
You have not taken this quiz